[Event "Beacon Seniors op"]
[Site "Exmouth"]
[Date "2006.11.17"]
[Round "5"]
[White "Hale, Ronald"]
[Black "Welch, Hazel"]
[Result "1-0"]
[WhiteElo "1480"]
[BlackElo "1376"]
[PlyCount "78"]
[EventDate "2006.11.13"]
[EventType "swiss"]
[EventRounds "5"]
[EventCountry "ENG"]
[SourceTitle "EXT 2008"]
[Source "ChessBase"]
[SourceDate "2007.11.25"]
[SourceVersion "1"]
[SourceVersionDate "2007.11.25"]
[SourceQuality "1"]

1. d4 Nf6 2. e3 c5 3. c3 g6 4. Bd3 Bg7 5. Nd2 0-0 6. f4 d6 7. Ngf3 Nc6 8. 0-0 cxd4 9. exd4 Bd7 10. Nh4 Rc8 11. f5 g5 12. Nhf3 h6 13. Ne4 Nxe4 14. Bxe4 b5 15. Bc2 Qb6 16. Qd3 f6 17. Be3 Na5 18. d5 Qc7 19. Nd4 Qc4 20. Qe4 Rf7 21. Bd3 Qc7 22. Bxb5 Nc4 23. Ne6 Bxe6 24. fxe6 Rff8 25. Bxc4 Qxc4 26. Qxc4 Rxc4 27. Bxa7 f5 28. g3 Be5 29. Be3 Rb8 30. Rxf5 Rxb2 31. Raf1 Bxc3 32. Rf8+ Kh7 33. R8f7+ Kg6 34. Rc1 Rxa2 35. Rxe7 Raa4 36. Re1 Ra2 37. Rf1 Re2 38. Rf3 Re4 39. Rc7 Bb4 1-0

[Event "Beacon Seniors op"]
[Site "Exmouth"]
[Date "2006.11.16"]
[Round "4"]
[White "Norman, Dinah M"]
[Black "Hale, Ronald"]
[Result "1-0"]
[WhiteElo "1720"]
[BlackElo "1480"]
[PlyCount "47"]
[EventDate "2006.11.13"]
[EventType "swiss"]
[EventRounds "5"]
[EventCountry "ENG"]
[SourceTitle "EXT 2008"]
[Source "ChessBase"]
[SourceDate "2007.11.25"]
[SourceVersion "1"]
[SourceVersionDate "2007.11.25"]
[SourceQuality "1"]

1. d4 e6 2. e4 b6 3. Bd3 Bb7 4. Nf3 d6 5. Qe2 Nd7 6. c3 Be7 7. a4 h6 8. Nbd2 Ngf6 9. Nf1 0-0 10. Ng3 Rc8 11. 0-0 c5 12. Bd2 cxd4 13. cxd4 Nh7 14. a5 Ra8 15. b4 a6 16. axb6 Qxb6 17. Ra5 d5 18. b5 axb5 19. Rxb5 Qc7 20. Rc1 Bc6 21. exd5 Nb8 22. dxc6 Nxc6 23. Qe4 Nf6 24. Qxc6 1-0

[Event "Beacon Seniors op"]
[Site "Exmouth"]
[Date "2006.11.13"]
[Round "1"]
[White "Hale, Ronald"]
[Black "Reynolds, D Ian W"]
[Result "0-1"]
[WhiteElo "1480"]
[BlackElo "1976"]
[PlyCount "74"]
[EventDate "2006.11.13"]
[EventType "swiss"]
[EventRounds "5"]
[EventCountry "ENG"]
[SourceTitle "EXT 2008"]
[Source "ChessBase"]
[SourceDate "2007.11.25"]
[SourceVersion "1"]
[SourceVersionDate "2007.11.25"]
[SourceQuality "1"]

1. d4 Nf6 2. e3 d5 3. Bd3 e6 4. Nd2 c5 5. c3 Nc6 6. f4 Bd6 7. Ngf3 cxd4 8. Nxd4 Nxd4 9. cxd4 Bd7 10. 0-0 Qb6 11. Qb3 0-0 12. Qxb6 axb6 13. e4 dxe4 14. Bxe4 Nxe4 15. Nxe4 Be7 16. Be3 Bc6 17. Nc3 Bf6 18. Rfd1 Bd5 19. Nxd5 exd5 20. Rd3 Rfe8 21. Kf2 Re4 22. Rc1 g6 23. a3 Rae8 24. Rc2 Rxe3 25. Rxe3 Bxd4 26. Rce2 Kf8 27. Kf3 Bxe3 28. Rxe3 Rxe3+ 29. Kxe3 Ke7 30. Kd4 Ke6 31. a4 h5 32. g3 f6 33. h3 g5 34. fxg5 fxg5 35. b4 Kd6 36. h4 g4 37. Ke3 Ke5 0-1

[Event "Civil Service Minor op"]
[Site "London"]
[Date "2005.11.05"]
[Round "2"]
[White "Hale, Ronald"]
[Black "Sivakumar, Athman"]
[Result "0-1"]
[WhiteElo "1424"]
[BlackElo "1416"]
[PlyCount "96"]
[EventDate "2005.11.05"]
[EventType "swiss"]
[EventRounds "5"]
[EventCountry "ENG"]
[SourceTitle "EXT 2007"]
[Source "ChessBase"]
[SourceDate "2006.11.23"]
[SourceVersion "1"]
[SourceVersionDate "2006.11.23"]
[SourceQuality "1"]

1. d4 d5 2. e3 Nf6 3. Bd3 e6 4. c3 Bd6 5. f4 Nbd7 6. Nd2 b6 7. Ngf3 Bb7 8. Ne5 c5 9. 0-0 c4 10. Bc2 0-0 11. Rf3 h6 12. Rh3 b5 13. Qf3 Kh8 14. g4 Nh7 15. g5 Nxg5 16. fxg5 Qxg5+ 17. Rg3 Nxe5 18. dxe5 Qxe5 19. Qg4 f5 20. Qh5 Qf6 21. Rg6 Qf7 22. Nf3 Qe8 23. Ng5 Rf6 24. Rxh6+ gxh6 25. Qh4 Qg6 26. e4 Kg7 27. exf5 exf5 28. Be3 hxg5 29. Qf2 Be5 30. Re1 Rh8 31. Bd4 Bxd4 32. Qxd4 Kg8 33. Qxa7 Qh7 34. Re8+ Kf7 35. Rxh8 Qxh8 36. Qxb7+ Kg6 37. Qxd5 Qe8 38. Qd2 Re6 39. Bd1 Re1+ 40. Kf2 Re4 41. Qd6+ Qe6 42. Qxe6+ Rxe6 43. Bf3 g4 44. Bg2 Kg5 45. h3 Rd6 46. Ke2 Kf4 47. hxg4 fxg4 48. Kf2 Rd3 0-1

[Event "Guernsey Holiday op"]
[Site "Cobo Bay"]
[Date "2005.10.19"]
[Round "4"]
[White "Hale, Ronald"]
[Black "Hearty, Raymond"]
[Result "0-1"]
[WhiteElo "1424"]
[BlackElo "1479"]
[PlyCount "104"]
[EventDate "2005.10.16"]
[EventType "swiss"]
[EventRounds "7"]
[EventCountry "GCI"]
[SourceTitle "EXT 2007"]
[Source "ChessBase"]
[SourceDate "2006.11.23"]
[SourceVersion "1"]
[SourceVersionDate "2006.11.23"]
[SourceQuality "1"]

1. d4 d5 2. e3 f5 3. c3 e6 4. Nf3 Nf6 5. Nbd2 c6 6. Ne5 Nbd7 7. Ndf3 Ne4 8. Nxd7 Bxd7 9. g3 Bd6 10. Ne5 0-0 11. f3 Ng5 12. h4 Nf7 13. f4 Nxe5 14. dxe5 Be7 15. Qe2 b5 16. Bd2 a5 17. Bg2 c5 18. 0-0 c4 19. Rfd1 Bc5 20. Be1 Qe7 21. Bf2 b4 22. Rxd5 exd5 23. Bxd5+ Be6 24. Bxa8 Rxa8 25. Rd1 Rd8 26. Rd2 Rxd2 27. Qxd2 Qd7 28. Be1 Qxd2 29. Bxd2 bxc3 30. bxc3 Kf7 31. Kf2 h5 32. Bc1 g6 33. a3 Ke7 34. Ke2 Kd7 35. Kd2 Kc6 36. Kc2 Kd5 37. Kd2 Ke4 38. Ke2 Bd7 39. Bb2 Ba4 40. Bc1 Bc2 41. Kf2 Bd3 42. Ke1 Kf3 43. Kd1 Kxg3 44. Bd2 Kxh4 45. Be1+ Kg4 46. Bf2 Be4 47. Ke2 Bxa3 48. Be1 Bc5 49. Bd2 h4 50. Kf2 h3 51. Kg1 a4 52. Bc1 Kg3 0-1

[Event "Guernsey Holiday op"]
[Site "Cobo Bay"]
[Date "2005.10.17"]
[Round "2"]
[White "Hale, Ronald"]
[Black "Haisma, Henk"]
[Result "1/2-1/2"]
[WhiteElo "1424"]
[BlackElo "1654"]
[PlyCount "76"]
[EventDate "2005.10.16"]
[EventType "swiss"]
[EventRounds "7"]
[EventCountry "GCI"]
[SourceTitle "EXT 2007"]
[Source "ChessBase"]
[SourceDate "2006.11.23"]
[SourceVersion "1"]
[SourceVersionDate "2006.11.23"]
[SourceQuality "1"]

1. d4 d5 2. e3 Nf6 3. Bd3 e6 4. f4 c5 5. c3 Nc6 6. Nd2 c4 7. Bc2 g6 8. Ngf3 Bg7 9. Ne5 Qc7 10. 0-0 0-0 11. Qf3 Ne7 12. g4 Ne8 13. g5 f6 14. gxf6 Bxf6 15. Ng4 Bg7 16. Qg3 Nd6 17. Nf3 Nef5 18. Bxf5 exf5 19. Nf2 Be6 20. Qh3 Rae8 21. Ng5 h6 22. Nxe6 Rxe6 23. Kh1 g5 24. fxg5 hxg5 25. Qg2 Ne4 26. Nxe4 dxe4 27. Qxg5 Rh6 28. Qf4 Qe7 29. Rg1 Rff6 30. Bd2 Kh8 31. Rg2 Rh3 32. Rag1 Bh6 33. Qb8+ Rf8 34. Rg8+ Kh7 35. Rxf8 Bxf8 36. Qf4 Rf3 37. Qg5 Qxg5 38. Rxg5 Bh6 1/2-1/2